Nước Mỹ trong tầm tay

Cuốn sách cùng bạn tìm ra thế nạnh bản thân, từ đó chọn ra chiến lược “chinh phục” nước Mỹ phù hợp: Học THPT, dự bị ĐH cho đến chọn trường ĐH-CĐ tại Mỹ như thế nào, chuẩn bị ra sao, cách nộp hồ sơ “chuẩn”, “soi” bộ hồ sơ “bom tấn” của ca...

詳細記述

保存先:
書誌詳細
フォーマット: 図書
言語:Undetermined
出版事項: Hà Nội Hoa Học Trò 2014
主題:
タグ: タグ追加
タグなし, このレコードへの初めてのタグを付けませんか!
Thư viện lưu trữ: Trung tâm Học liệu Trường Đại học Cần Thơ
LEADER 01340nam a2200217Ia 4500
001 CTU_196870
008 210402s9999 xx 000 0 und d
020 |c 70000 
082 |a 378.73 
082 |b N557/T.1 
245 0 |a Nước Mỹ trong tầm tay 
245 0 |c Đặc san Hoa Học Trò 
260 |a Hà Nội 
260 |b Hoa Học Trò 
260 |c 2014 
520 |a Cuốn sách cùng bạn tìm ra thế nạnh bản thân, từ đó chọn ra chiến lược “chinh phục” nước Mỹ phù hợp: Học THPT, dự bị ĐH cho đến chọn trường ĐH-CĐ tại Mỹ như thế nào, chuẩn bị ra sao, cách nộp hồ sơ “chuẩn”, “soi” bộ hồ sơ “bom tấn” của các chuyên gia săn học bổng… đều sẽ có mặt đầy đủ và chỉn chu nhất. Đặc biệt, sách còn được đính kèm một quyển “thần chú ghi nhớ”, giúp teen lên lịch từ giờ tới ngày lên đường, tick sẵn luôn các dữ kiện quan trọng. 
650 |a Education,Giáo dục 
650 |x Social aspects,Khía cạnh xã hội 
650 |z United States,Hoa Kỳ 
904 |i Hải 
980 |a Trung tâm Học liệu Trường Đại học Cần Thơ